Gaming Quiz

Random Gaming or Board Games Quiz

Dungeons & Dragons Abilities Quiz Stats

 Plays Quiz Updated Jan 29, 2014

Support Sporcle.
Go Orange.
Score 0/6 Timer 01:00
0 Plays Today
% Correct
Strength
96.1%
Intelligence
88.3%
Wisdom
88.1%
Charisma
87%
Dexterity
86.7%
Constitution
77.5%

From the Vault

Last Five: Big 4 Champions

by teedslaststand

Sports 3m
You don't need a good memory to remember these recent winners.
Remove Ads.
Support Sporcle.
Get the best of Sporcle when you Go Orange. This ad-free experience offers more features, more stats, and more fun while also helping to support Sporcle. Thank you for becoming a member.

Show Comments

Extras

Top Quizzes Today


Score Distribution

Your Account Isn't Verified!

In order to create a playlist on Sporcle, you need to verify the email address you used during registration. Go to your Sporcle Settings to finish the process.

Report this User

Report this user for behavior that violates our Community Guidelines.

Details: